Understanding the Circular Economy Adoption in Companies of the Construction Industry in Slovakia

Príspevok predstavuje dôkladné preskúmanie prijatia obehového hospodárstva v stavebníctve na Slovensku. Na pozadí globálnych imperatívov trvalej udržateľnosti sa úloha stavebného priemyslu v spotrebe zdrojov a tvorbe odpadu stáva prvoradou. Zámerom príspevku bude poskytnúť pohľad na transformáciu st...

Descrizione completa

Salvato in:
Dettagli Bibliografici
Autore principale: Richnák, Patrik, 1988-
Altri autori: Hanuláková, Eva, 1964-
Natura: Capitolo di libro
Lingua:inglese
Soggetti:
Tags: Aggiungi Tag
Nessun Tag, puoi essere il primo ad aggiungerne!!

MARC

LEADER 00000naa$a2200000$$$4500
001 0303406
005 20260225095850.0
041 0 |a eng 
044 |a CZ 
245 1 0 |a Understanding the Circular Economy Adoption in Companies of the Construction Industry in Slovakia  |c Patrik Richnák, Eva Hanuláková 
520 |a Príspevok predstavuje dôkladné preskúmanie prijatia obehového hospodárstva v stavebníctve na Slovensku. Na pozadí globálnych imperatívov trvalej udržateľnosti sa úloha stavebného priemyslu v spotrebe zdrojov a tvorbe odpadu stáva prvoradou. Zámerom príspevku bude poskytnúť pohľad na transformáciu stavebníctva na Slovensku prostredníctvom obehového hospodárstva tak, aby bolo udržateľnejšie zo sociálneho, ekonomického a najmä environmentálneho hľadiska. 
610 2 0 |a stavebníctvo 
610 2 0 |a priemysel 
610 2 0 |a odpad 
610 2 0 |a ekológia 
610 2 0 |a udržateľnosť 
100 1 |a Richnák, Patrik, 1988- 
700 1 |a Hanuláková, Eva, 1964-